书目信息 |
| 题名: |
曹操集译注
|
|
| 作者: | ;安徽亳县 译注 | |
| 分册: | ||
| 出版信息: | 北京 中华书局 1979 |
|
| 页数: | 248页 | |
| 开本: | 20cm | |
| 丛书名: | ||
| 单 册: | ||
| 中图分类: | I213.62 , H159 | |
| 科图分类: | ||
| 主题词: | 古典文学--中国--魏国(220 ̄265)--选集 , 汉语--翻译 | |
| 电子资源: | ||
| ISBN: | ||
| 000 | 00649nam0 2200241 450 | |
| 001 | 1574375690 | |
| 005 | 20150122204013.93 | |
| 010 | @dCNY0.95 | |
| 091 | @a10018.433 | |
| 100 | @a19950718d1979 em y0chiy0110 ea | |
| 101 | 0 | @achi |
| 102 | @aCN@b110000 | |
| 105 | @ay z 000zy | |
| 200 | 1 | @a曹操集译注@9cao cao ji yi zhu@f安徽亳县《曹操集》译注小组译注 |
| 210 | @a北京@c中华书局@d1979 | |
| 215 | @a248页@d20cm | |
| 606 | 0 | @a古典文学@y中国@z魏国(220 ̄265)@x选集 |
| 606 | 0 | @a汉语@x翻译 |
| 690 | @aI213.62@v5 | |
| 690 | @aH159@v4 | |
| 711 | 02 | @a安徽亳县@9an hui bo xian@4译注 |
| 801 | 0 | @aCN@bTSSF@c20150122 |
| 905 | @aZUCC@dH159@eJY111 | |
| 曹操集译注/安徽亳县《曹操集》译注小组译注.-北京:中华书局,1979 |
| 248页;20cm |
| ISBN :CNY0.95 |
| ● |
| 相关链接 |
|
|
|
|
正题名:曹操集译注
索取号:H159/JY111
 
预约/预借
| 序号 | 登录号 | 条形码 | 馆藏地/架位号 | 状态 | 备注 |
| 1 | 7850404 | 278504049 | 学院路分馆/ [索取号:H159/JY111] | 在馆 | |
| 2 | 7850405 | 278504058 | 学院路分馆/ [索取号:H159/JY111] | 在馆 | |
| 3 | 7850406 | 278504067 | 学院路分馆/ [索取号:H159/JY111] | 在馆 |